[Event "Stuttgart-chB int"]
[Site "Ditzingen"]
[Date "2013.05.11"]
[Round "5"]
[White "Mihalache, Victor"]
[Black "Gheng, Dominik"]
[Result "1/2-1/2"]
[WhiteElo "1334"]
[BlackElo "1635"]
[PlyCount "44"]
[EventDate "2013.05.09"]
[EventType "swiss"]
[EventRounds "7"]
[EventCountry "GER"]
[SourceTitle "EXT 2014"]
[Source "ChessBase"]
[SourceDate "2013.11.20"]
[SourceVersion "1"]
[SourceVersionDate "2013.11.20"]
[SourceQuality "1"]

1. e4 c5 2. Nf3 d6 3. c3 Nf6 4. d3 g6 5. Be2 Bg7 6. Be3 0-0 7. Nbd2 Nc6 8. d4 cxd4 9. cxd4 Ng4 10. 0-0 Qb6 11. Nc4 Qc7 12. h3 Nxe3 13. Nxe3 Bd7 14. Rc1 Rac8 15. d5 Bxb2 16. Rc2 Bg7 17. dxc6 Bxc6 18. Nd5 Qd7 19. Qd2 e6 20. Nc3 Bxc3 21. Rxc3 Bxe4 22. Rxc8 Rxc8 1/2-1/2